Women, region and types of homicide: Are there regional differences in the structural status of women and homicide offending?

Gespeichert in:  
Bibliographische Detailangaben
VerfasserInnen: DeWees, Mari A. (Verfasst von) ; Parker, Karen F. (Verfasst von)
Medienart: Elektronisch Aufsatz
Sprache:Englisch
Veröffentlicht: 2003
In: Homicide studies
Jahr: 2003, Band: 7, Heft: 4, Seiten: 368-393
Online-Zugang: Volltext (lizenzpflichtig)
Verfügbarkeit prüfen: HBZ Gateway

MARC

LEADER 00000caa a22000002c 4500
001 1912751666
003 DE-627
005 20250125055435.0
007 cr uuu---uuuuu
008 241217s2003 xx |||||o 00| ||eng c
024 7 |a 10.1177/1088767903256462  |2 doi 
035 |a (DE-627)1912751666 
035 |a (DE-599)KXP1912751666 
040 |a DE-627  |b ger  |c DE-627  |e rda 
041 |a eng 
084 |a 2,1  |2 ssgn 
100 1 |a DeWees, Mari A.  |e VerfasserIn  |4 aut 
245 1 0 |a Women, region and types of homicide: Are there regional differences in the structural status of women and homicide offending? 
264 1 |c 2003 
336 |a Text  |b txt  |2 rdacontent 
337 |a Computermedien  |b c  |2 rdamedia 
338 |a Online-Ressource  |b cr  |2 rdacarrier 
700 1 |a Parker, Karen F.  |e VerfasserIn  |0 (DE-588)137074387  |0 (DE-627)589916424  |0 (DE-576)302128492  |4 aut 
773 0 8 |i Enthalten in  |t Homicide studies  |d London [u.a.] : Sage Publ., 1997  |g 7(2003), 4, Seite 368-393  |h Online-Ressource  |w (DE-627)325163235  |w (DE-600)2034461-2  |w (DE-576)276556437  |x 1552-6720  |7 nnas 
773 1 8 |g volume:7  |g year:2003  |g number:4  |g pages:368-393 
787 0 8 |i Forschungsdaten  |a Fox, James Alan  |t Uniform Crime Reports (United States): Supplementary Homicide Reports, 1976-1994  |d [Erscheinungsort nicht ermittelbar] : [Verlag nicht ermittelbar], 1996  |w (DE-627)1840062150 
856 4 0 |u https://doi.org/10.1177/1088767903256462  |x Resolving-System  |z lizenzpflichtig  |3 Volltext  |7 1 
935 |a mkri 
951 |a AR 
ELC |a 1 
LOK |0 000 xxxxxcx a22 zn 4500 
LOK |0 001 4637717221 
LOK |0 003 DE-627 
LOK |0 004 1912751666 
LOK |0 005 20241217045147 
LOK |0 008 241217||||||||||||||||ger||||||| 
LOK |0 035   |a (DE-2619)ICPSR8436 
LOK |0 040   |a DE-2619  |c DE-627  |d DE-2619 
LOK |0 092   |o n 
LOK |0 852   |a DE-2619 
LOK |0 852 1  |9 00 
LOK |0 935   |a nacp 
LOK |0 939   |a 17-12-24  |b l01 
ORI |a SA-MARC-krimdoka001.raw